Generator Puzzle #43 - Statistics

General Stats
  • This quiz has been taken 677 times
  • The average score is 12 of 21
Answer Stats
Hint Answer % Correct
Tortoise racer Hare
90%
Pungent vampire repellant Garlic
86%
Fierce feline Tiger
78%
Impart knowledge Teach
74%
Axis leader Hitler
71%
Actress Danes Claire
67%
Bond actor surname Craig
64%
Scottish language Gaelic
64%
Match alternative Lighter
64%
Alpine home Chalet
62%
Shakespearean monarch Lear
61%
Spiced tea Chai
57%
The above's Third Reich
57%
Berlin Wall checkpoint Charlie
56%
Newspaper story Article
51%
Indiana Jones' quest Grail
46%
South Park boy Eric
30%
9-Letter Word LETHARGIC
29%
Disastrous Tragic
29%
US State capital Raleigh
18%
NZ's Franz Josef, eg. Glacier
13%
No matching quizzes found
Score Distribution
Percent of People with Each Score
Percentile by Number Answered
Your Score History
You have not taken this quiz